Fr. Conceicao Rodrigues College of Engineering

Datastructures:A pseudocode approach with C (Record no. 27019)

MARC details
000 -LEADER
fixed length control field 00308nam a2200133Ia 4500
082 ## - DEWEY DECIMAL CLASSIFICATION NUMBER
Classification number 5.72
Item number GIL
100 ## - MAIN ENTRY--PERSONAL NAME
Personal name Gilberg/Richard F
245 ## - TITLE STATEMENT
Title Datastructures:A pseudocode approach with C
260 ## - PUBLICATION, DISTRIBUTION, ETC.
Name of publisher, distributor, etc. Thomson/Brooks
Date of publication, distribution, etc. 1998
300 ## - PHYSICAL DESCRIPTION
Extent 671
546 ## - LANGUAGE NOTE
Language note ENGLISH
654 ## - SUBJECT ADDED ENTRY--FACETED TOPICAL TERMS
Focus term datastructures
942 ## - ADDED ENTRY ELEMENTS (KOHA)
Koha item type BOOK
Holdings
Withdrawn status Lost status Damaged status Not for loan Collection Home library Current library Date acquired Total Checkouts Full call number Barcode Date last seen Date last checked out Price effective from Koha item type
        CRC Fr. Agnel's C.Rodrigues College of Engineering AGNEL TECHNICAL COLLEGE LIBRARY 17/03/2023 1 5.72 GIL 13555 19/09/2025 05/08/2025 17/03/2023 BOOK
        CRC Fr. Agnel's C.Rodrigues College of Engineering Fr. Agnel's C.Rodrigues College of Engineering 17/03/2023 1 5.72 GIL 13551 02/02/2024 04/10/2023 17/03/2023 BOOK
        CRC Fr. Agnel's C.Rodrigues College of Engineering Fr. Agnel's C.Rodrigues College of Engineering 17/03/2023   5.72 GIL 13552 17/03/2023   17/03/2023 BOOK
        CRC Fr. Agnel's C.Rodrigues College of Engineering Fr. Agnel's C.Rodrigues College of Engineering 17/03/2023   5.72 GIL 13553 17/03/2023   17/03/2023 BOOK
        CRC Fr. Agnel's C.Rodrigues College of Engineering Fr. Agnel's C.Rodrigues College of Engineering 17/03/2023   5.72 GIL 13554 17/03/2023   17/03/2023 BOOK